BIBLIOTECA PODER JUDICIAL
Portal Judicial TDF

La integración del Consejo de la Magistratura / (Registro nro. 6107)

000 -LEADER
fixed length control field 01578nabaa22001937a 4500
003 - CONTROL NUMBER IDENTIFIER
control field OSt
005 - DATE AND TIME OF LATEST TRANSACTION
control field 20260122090621.0
008 - FIXED-LENGTH DATA ELEMENTS--GENERAL INFORMATION
fixed length control field 190701b xxu||||| |||| 00| 0 spa d
040 ## - CATALOGING SOURCE
Transcribing agency PJ
100 ## - MAIN ENTRY--PERSONAL NAME
9 (RLIN) 6876
Personal name Urristi, Ramiro
245 13 - TITLE STATEMENT
Title La integración del Consejo de la Magistratura /
Statement of responsibility, etc Ramiro Urristi.
300 ## - PHYSICAL DESCRIPTION
Extent p. 134-165
505 ## - FORMATTED CONTENTS NOTE
Formatted contents note Sumario: I. Introducción.— II. El Consejo de la Magistratura.— III. Regulación constitucional de la institución.— IV. Regulación legal de la integración del órgano (cuadro sinóptico).— V. El caso “Rizzo” y la inconstitucionalidad parcial de la ley 26.855.— VI. El caso “Monner Sans” y la consolidación de la ley 26.080.— VII. El caso “Colegio de Abogados de la Ciudad”.— VIII. Los efectos de la sentencia y el ejercicio de facultades legislativas por parte de la Corte.— IX. Hechos posteriores al fallo “Colegio de Abogados”.— X. El dec. DPP 33/2022.— XI. El dec. DPP 86/2022.— XII. El fallo “Juez” y la legitimación del legislador.— XIII. El thema decidendum del fallo “Juez”.— XIV. Doctrina sobre los actos políticos y su eventual revisión judicial.— XV. Jurisprudencia sobre las cuestiones políticas.— XVI. Conclusiones.
505 ## - FORMATTED CONTENTS NOTE
Title ¿Te interesa el texto completo? Comunicate al correo: koha@justierradelfuego.gov.ar<br/>
650 #0 - SUBJECT ADDED ENTRY--TOPICAL TERM
9 (RLIN) 211
Topical term or geographic name as entry element DERECHO ADMINISTRATIVO
650 #0 - SUBJECT ADDED ENTRY--TOPICAL TERM
9 (RLIN) 1194
Topical term or geographic name as entry element CONSEJO DE LA MAGISTRATURA
773 0# - HOST ITEM ENTRY
Host Biblionumber 2842
Host Itemnumber 3251
Place, publisher, and date of publication Buenos Aires : AbeledoPerrot, 2012-
Other item identifier DA121
Title Derecho administrativo. Nº 145 enero/febrero 2023
International Standard Book Number 18510590
942 ## - ADDED ENTRY ELEMENTS (KOHA)
Source of classification or shelving scheme
Koha item type Analítica Artículo de Revista

No hay ítems disponibles.

12 de Octubre 789 Ushuaia - Tel:  54(02901)441571
Horario de Atención: 8.00 a 17.00 hs. 
bibliotecaush@justierradelfuego.gov.ar
koha@justierradelfuego.gov.ar
Seguinos en nuestras redes @bibliojustdf 

Con tecnología Koha